[Event "V Torneo Inverno Vomero"]
[Site "Napoli ITA"]
[Date "2010.02.18"]
[Round "6"]
[White "Ficco, Corrado"]
[Black "Donzella, Emanuele"]
[Result "1-0"]
[WhiteElo "2174"]
[BlackElo "1646"]
[PlyCount "87"]
[EventDate "2010.01.14"]

1. f4 d5 2. Nf3 Nc6 3. d3 f5 4. g3 Nf6 5. Bg2 g6 6. O-O Bg7 7. c3 O-O 8. Qc2
Bd7 9. b4 Rc8 10. a4 Nb8 11. Nbd2 c5 12. b5 Be8 13. Ne5 Kh8 14. Ndf3 Nbd7 15.
h3 Nxe5 16. Nxe5 Rc7 17. Kh2 e6 18. Ba3 Nd7 19. Nf3 Bf6 20. Rac1 Rg8 21. e4 Nf8
22. exd5 exd5 23. Rce1 b6 24. Ne5 Nd7 25. Nc6 Rxc6 26. bxc6 Nf8 27. Rxe8 Qxe8
28. Bxd5 Rg7 29. Rf2 Re7 30. a5 Qd8 31. Bf3 Re3 32. axb6 axb6 33. d4 Qc7 34.
dxc5 bxc5 35. Bxc5 Rxc3 36. Qb2 Rxc5 37. Qxf6+ Qg7 38. Qd6 Rc1 39. Rd2 h5 40.
Qa3 Ra1 41. Qd6 Ra7 42. Qb8 Kh7 43. Rb2 Qxb2+ 44. Qxb2 1-0

[Event "V Torneo Inverno Vomero"]
[Site "Napoli ITA"]
[Date "2010.02.18"]
[Round "6"]
[White "Lerro, Luca"]
[Black "Esposito, Pino"]
[Result "0-1"]
[WhiteElo "1479"]
[BlackElo "1881"]
[PlyCount "96"]
[EventDate "2010.01.14"]

1. e4 g6 2. d4 Bg7 3. Nf3 d6 4. Be3 Nd7 5. Bc4 Ngf6 6. Nbd2 c6 7. c3 b5 8. Bb3
Nb6 9. O-O a5 10. a3 a4 11. Ba2 Be6 12. Bxe6 fxe6 13. e5 Nfd5 14. Re1 O-O 15.
Ng5 Qd7 16. Qg4 Nc7 17. Qh3 h6 18. Ngf3 Kh7 19. Ne4 Nc4 20. Rab1 Nxe3 21. Rxe3
Nd5 22. Nfg5+ Kg8 23. Nxe6 Nxe3 24. Nxf8 Qxh3 25. gxh3 Rxf8 26. fxe3 dxe5 27.
dxe5 Rf3 28. Re1 Rxh3 29. Kg2 Rh4 30. Nc5 Bxe5 31. h3 Bd6 32. Ne6 Be5 33. Nd4
Bxd4 34. exd4 Kf7 35. Kg3 Rh5 36. h4 Rf5 37. Re2 Kf6 38. Kg4 e5 39. Rxe5 Rxe5
40. dxe5+ Kxe5 41. Kg3 Ke4 42. Kg4 Kd3 43. Kf4 Kc2 44. Ke5 g5 45. hxg5 hxg5 46.
Kf5 Kxb2 47. Kxg5 Kxa3 48. Kf4 Kb3 0-1

[Event "V Torneo Inverno Vomero"]
[Site "Napoli ITA"]
[Date "2010.02.18"]
[Round "6"]
[White "Messina, Enrico"]
[Black "Della Corte, Alessandro"]
[Result "0-1"]
[WhiteElo "2122"]
[BlackElo "2229"]
[PlyCount "74"]
[EventDate "2010.01.14"]

1. e4 c5 2. d4 cxd4 3. c3 dxc3 4. Nxc3 e6 5. Bc4 Nc6 6. Nf3 a6 7. O-O Nge7 8.
Qe2 Ng6 9. Be3 Be7 10. Rfd1 O-O 11. Rac1 b5 12. Bb3 Bb7 13. Nd4 Nxd4 14. Bxd4
Rc8 15. a3 Kh8 16. Qg4 Bf6 17. Bc2 Bxd4 18. Rxd4 Qf6 19. Rcd1 Rc5 20. h4 Bc6
21. e5 Rxe5 22. f4 Re1+ 23. Kf2 Rxd1 24. Qxd1 Qxh4+ 25. Kg1 Qg3 26. Ne4 Bxe4
27. Bxe4 Qe3+ 28. Kh1 Nxf4 29. Bf3 d5 30. Rd2 Rc8 31. Rc2 Rxc2 32. Qxc2 g5 33.
Qc8+ Kg7 34. Qxa6 Qe1+ 35. Kh2 Qh4+ 36. Kg1 g4 37. Qd6 Qe1+ 0-1

[Event "V Torneo Inverno Vomero"]
[Site "Napoli ITA"]
[Date "2010.02.18"]
[Round "6"]
[White "Rosato, Luciano"]
[Black "Accardo, Francesco"]
[Result "1-0"]
[WhiteElo "2264"]
[BlackElo "1872"]
[PlyCount "93"]
[EventDate "2010.01.14"]

1. d4 b5 2. e4 Bb7 3. Bd3 e6 4. Nf3 c5 5. c3 a5 6. O-O c4 7. Bc2 a4 8. Nbd2 d6
9. Re1 g5 10. Nf1 g4 11. N3d2 Nd7 12. d5 e5 13. Ng3 h5 14. Ndf1 Ngf6 15. Nf5
Qc7 16. Be3 Nc5 17. Bg5 Nh7 18. Bh4 f6 19. f3 gxf3 20. Qxf3 Ng5 21. Qe2 O-O-O
22. N1g3 Kb8 23. Reb1 Ba6 24. b3 Ka8 25. bxa4 bxa4 26. Kh1 Nd3 27. Bxa4 Rb8 28.
Bc6+ Bb7 29. Rxb7 Rxb7 30. Rb1 Qxc6 31. dxc6 Rxb1+ 32. Nf1 d5 33. exd5 Ne4 34.
N5e3 Bc5 35. Qc2 Rb2 36. Qa4+ Kb8 37. h3 Kc7 38. Qxc4 Ndf2+ 39. Bxf2 Nxf2+ 40.
Kh2 Kb6 41. d6 Kxc6 42. Qd5+ Kb5 43. d7 Rd8 44. Qb7+ Bb6 45. Nd5 Kc5 46. Nxb6
Rxb6 47. Qc7+ 1-0

[Event "V Torneo Inverno Vomero"]
[Site "Napoli ITA"]
[Date "2010.02.18"]
[Round "6"]
[White "Sabia, Corrado"]
[Black "Borrelli, Salvatore"]
[Result "1-0"]
[WhiteElo "2176"]
[BlackElo "1967"]
[PlyCount "67"]
[EventDate "2010.01.14"]

1. g3 f5 2. Bg2 Nf6 3. c4 d6 4. Nc3 e5 5. d3 Be7 6. e4 Nc6 7. Nge2 O-O 8. O-O
Be6 9. exf5 Bxf5 10. Bg5 Ng4 11. Bxe7 Qxe7 12. Nd5 Qd7 13. d4 Kh8 14. b3 Nf6
15. dxe5 Nxe5 16. Nef4 Nxd5 17. cxd5 Ng6 18. Ne6 Bxe6 19. dxe6 Qxe6 20. Bxb7
Rae8 21. Bc6 Re7 22. Qd4 Qf6 23. Qxa7 Ne5 24. Rac1 h5 25. Bg2 c5 26. Qa6 h4 27.
Qe2 Qh6 28. f4 hxg3 29. hxg3 Nc6 30. Qg4 Nd4 31. Rce1 Rxe1 32. Rxe1 Nc2 33. Re6
Rf6 34. Re8+ 1-0

[Event "V Torneo Inverno Vomero"]
[Site "Napoli ITA"]
[Date "2010.02.18"]
[Round "6"]
[White "Seletsky, Grigory"]
[Black "Caiazzo, Diego"]
[Result "1-0"]
[WhiteElo "2345"]
[BlackElo "1862"]
[PlyCount "51"]
[EventDate "2010.01.14"]

1. d4 e6 2. c4 Nf6 3. Nc3 d5 4. Bg5 Be7 5. cxd5 exd5 6. Qc2 c6 7. e3 O-O 8. Bd3
Nbd7 9. Nge2 Re8 10. O-O-O Nf8 11. h3 Nh5 12. Bxe7 Qxe7 13. g4 Nf6 14. Ng3 g6
15. g5 N6d7 16. h4 Nb6 17. Kb1 Be6 18. f4 Bg4 19. Rde1 Qc7 20. h5 Re7 21. Qf2
Bd7 22. e4 Rae8 23. e5 Ne6 24. f5 Nf8 25. f6 Re6 26. hxg6 1-0

[Event "V Torneo Inverno Vomero"]
[Site "Napoli ITA"]
[Date "2010.02.18"]
[Round "6"]
[White "Sparice, Lorenzo"]
[Black "Colli, Roberto"]
[Result "0-1"]
[WhiteElo "1452"]
[BlackElo "1461"]
[PlyCount "64"]
[EventDate "2010.01.14"]

1. c4 Nf6 2. b3 g6 3. Bb2 Bg7 4. Nc3 O-O 5. g3 c5 6. Bg2 Nc6 7. Nf3 d6 8. Qc2
Nb4 9. Qb1 Rb8 10. O-O Bf5 11. e4 Nxe4 12. a3 Nxc3 13. Bxc3 Bxb1 14. Bxg7 Kxg7
15. Raxb1 Nc6 16. d3 a6 17. Ng5 h6 18. Nf3 Qc7 19. Rfe1 e5 20. b4 b5 21. bxc5
dxc5 22. a4 bxa4 23. Nd2 Rxb1 24. Nxb1 Nb4 25. Be4 f5 26. Bg2 Nxd3 27. Re3 e4
28. Re2 Qb6 29. Nc3 Qb3 30. Na2 Qxc4 31. h3 Rb8 32. h4 Rb2 0-1

[Event "V Torneo Inverno Vomero"]
[Site "Napoli ITA"]
[Date "2010.02.25"]
[Round "7"]
[White "Borrelli, Salvatore"]
[Black "Solombrino, Giovanni"]
[Result "1/2-1/2"]
[WhiteElo "1967"]
[BlackElo "1889"]
[PlyCount "42"]
[EventDate "2010.01.14"]

1. Nf3 c5 2. e3 Nc6 3. d4 cxd4 4. exd4 d5 5. Bd3 g6 6. O-O Bg7 7. c3 Nf6 8. Bf4
O-O 9. Nbd2 Re8 10. h3 Nd7 11. Re1 e5 12. dxe5 Ndxe5 13. Nxe5 Nxe5 14. Bb5 Nc6
15. Nf3 Rxe1+ 16. Qxe1 Be6 17. Rd1 Qb6 18. Qe2 a6 19. Bxc6 bxc6 20. Be5 Re8 21.
Bxg7 Kxg7 1/2-1/2

[Event "V Torneo Inverno Vomero"]
[Site "Napoli ITA"]
[Date "2010.02.25"]
[Round "7"]
[White "Caiazzo, Diego"]
[Black "Messina, Enrico"]
[Result "0-1"]
[WhiteElo "1862"]
[BlackElo "2122"]
[PlyCount "78"]
[EventDate "2010.01.14"]

1. Nf3 g6 2. d4 Bg7 3. Nbd2 c5 4. c3 cxd4 5. Nxd4 e5 6. N4b3 d5 7. Nf3 Nc6 8.
Bg5 f6 9. Bh4 Nge7 10. e3 O-O 11. Be2 Qb6 12. O-O Be6 13. Qc2 Rac8 14. Qd2 Rfd8
15. Rfd1 Nf5 16. Bg3 Bh6 17. Qe1 a5 18. Rab1 Nd6 19. Nfd2 Bf5 20. Bf3 Bxb1 21.
Bxd5+ Kh8 22. Rxb1 a4 23. Nc1 Nf5 24. Be6 Rc7 25. Ne4 Nxg3 26. Nxg3 Na5 27. Bg4
Nc4 28. b3 f5 29. Be2 Nxe3 30. Nd3 e4 31. bxa4 Qa7 32. Nb4 Nc4 33. Rd1 Nd2 34.
Nf1 Rcd7 35. Bb5 Nf3+ 36. gxf3 Rxd1 37. Qe2 R8d2 38. fxe4 Rxe2 39. Bxe2 Re1 0-1

[Event "V Torneo Inverno Vomero"]
[Site "Napoli ITA"]
[Date "2010.02.25"]
[Round "7"]
[White "Di Meo, Antonio"]
[Black "Schiappoli, Dario"]
[Result "0-1"]
[WhiteElo "1784"]
[BlackElo "1971"]
[PlyCount "48"]
[EventDate "2010.01.14"]

1. b3 e5 2. Bb2 Nc6 3. e3 d5 4. Bb5 Bd6 5. f4 exf4 6. Bxg7 Qh4+ 7. Kf1 fxe3 8.
dxe3 Qb4 9. Bxc6+ bxc6 10. Bxh8 Ba6+ 11. Ne2 Qg4 12. Bd4 Ne7 13. Nd2 c5 14. Bb2
Nf5 15. Kf2 O-O-O 16. c4 Qg5 17. Nf4 Nxe3 18. Kxe3 Bxf4+ 19. Kf2 Be3+ 20. Kf1
dxc4 21. Bf6 Qxf6+ 22. Qf3 Qxa1+ 23. Ke2 Rxd2+ 24. Kxe3 Qd4# 0-1

[Event "V Torneo Inverno Vomero"]
[Site "Napoli ITA"]
[Date "2010.02.25"]
[Round "7"]
[White "Donzella, Emanuele"]
[Black "Lerro, Luca"]
[Result "1-0"]
[WhiteElo "1646"]
[BlackElo "1479"]
[PlyCount "57"]
[EventDate "2010.01.14"]

1. b4 e5 2. Bb2 Bd6 3. c4 b6 4. Nf3 Nf6 5. Qb3 Qe7 6. b5 O-O 7. e3 Bb7 8. Be2
a6 9. a4 c5 10. Nc3 Ng4 11. Nd5 Bxd5 12. cxd5 e4 13. Ng1 Ne5 14. f4 exf3 15.
Nxf3 axb5 16. axb5 Rxa1+ 17. Bxa1 c4 18. Qc3 f6 19. O-O Rc8 20. Nd4 Bb4 21. Qc2
Qc5 22. Nf5 Qxd5 23. d4 Ng6 24. Rc1 Qxb5 25. Qe4 d5 26. Qe6+ Kh8 27. Qxc8+ Nf8
28. Qxb8 g6 29. Nd6 1-0

[Event "V Torneo Inverno Vomero"]
[Site "Napoli ITA"]
[Date "2010.02.25"]
[Round "7"]
[White "Esposito, Pino"]
[Black "Colli, Roberto"]
[Result "1-0"]
[WhiteElo "1881"]
[BlackElo "1461"]
[PlyCount "71"]
[EventDate "2010.01.14"]

1. Nf3 Nf6 2. d4 g6 3. c4 d5 4. Bf4 Bg7 5. e3 c5 6. Nc3 cxd4 7. exd4 O-O 8. h3
Nc6 9. c5 b6 10. Bb5 Bb7 11. O-O a6 12. Bxc6 Bxc6 13. Ne5 Rc8 14. b4 Nd7 15.
Nf3 bxc5 16. bxc5 Nxc5 17. Rc1 Nd7 18. Qb3 Nf6 19. Rfe1 e6 20. Qb4 Re8 21. Rb1
Re7 22. Ne5 Rb7 23. Qa3 Bb5 24. Na4 Nd7 25. Nxd7 Qxd7 26. Nc5 Qe7 27. Qe3 Rb6
28. a4 f6 29. axb5 axb5 30. Nxe6 g5 31. Nxg7 Qxg7 32. Bg3 f5 33. Be5 f4 34. Qf3
Qd7 35. Qh5 Rcc6 36. Ra1 1-0

[Event "V Torneo Inverno Vomero"]
[Site "Napoli ITA"]
[Date "2010.02.25"]
[Round "7"]
[White "Irtuso, Emanuele"]
[Black "Sparice, Lorenzo"]
[Result "1-0"]
[WhiteElo "1744"]
[BlackElo "1452"]
[PlyCount "39"]
[EventDate "2010.01.14"]

1. e4 e6 2. d4 d5 3. exd5 Qxd5 4. Nf3 c5 5. c4 Qe4+ 6. Be2 cxd4 7. Qxd4 Bb4+ 8.
Nbd2 Nf6 9. O-O Qxe2 10. Re1 e5 11. Rxe2 O-O 12. Qxe5 Nc6 13. Qf4 Bg4 14. h3
Bxf3 15. Nxf3 Rae8 16. Rxe8 Rxe8 17. Be3 Ne4 18. Rd1 h6 19. Rd7 Bd6 20. Qxf7+
1-0

[Event "V Torneo Inverno Vomero"]
[Site "Napoli ITA"]
[Date "2010.02.25"]
[Round "7"]
[White "Pinto, Gaetano"]
[Black "De Rosa, Francesco"]
[Result "1/2-1/2"]
[WhiteElo "2046"]
[BlackElo "1979"]
[PlyCount "138"]
[EventDate "2010.01.14"]

1. d4 Nf6 2. Nf3 c5 3. c3 e6 4. e3 Nc6 5. Nbd2 cxd4 6. exd4 b6 7. Bd3 Bb7 8.
O-O Bd6 9. Re1 O-O 10. Nc4 Be7 11. Bg5 d6 12. Qe2 Qc7 13. Rad1 Rae8 14. Ncd2
Nb8 15. Nf1 Nbd7 16. Ng3 e5 17. dxe5 dxe5 18. Bb1 a5 19. Nf5 Bc5 20. Qc2 e4 21.
N3d4 h6 22. Bh4 Qf4 23. Bg3 Qg5 24. Ne3 Ne5 25. Ndf5 Nh5 26. Nd6 Bxd6 27. Rxd6
f5 28. Rxb6 Ba8 29. h4 Qd8 30. Qb3+ Kh8 31. Bxe5 Rxe5 32. g3 f4 33. Rd1 fxe3
34. Rxd8 exf2+ 35. Kh2 f1=Q 36. Rxf8+ Qxf8 37. Rb8 Re8 38. Rxe8 Qxe8 39. Qc2
Qe5 40. Qf2 Nf6 41. Qb6 Qd5 42. Qb8+ Kh7 43. Qf4 Bb7 44. g4 Qd1 45. Qf5+ Kh8
46. g5 Qe2+ 47. Kh3 hxg5 48. hxg5 Qe3+ 49. Kh2 Qd2+ 50. Kh3 Qd6 51. gxf6 Qxf6
52. Bxe4 Qxf5+ 53. Bxf5 Kg8 54. Kg4 Bd5 55. a3 Kf7 56. Kg5 Bc4 57. Bc2 Bd5 58.
Kf5 Ke7 59. Ke5 Be6 60. Bg6 Bb3 61. Kd4 Kd6 62. c4 Bd1 63. c5+ Kc7 64. Kc4 Be2+
65. Bd3 Bxd3+ 66. Kxd3 a4 67. b3 axb3 68. Kc3 b2 69. Kxb2 Kc6 1/2-1/2

[Event "V Torneo Inverno Vomero"]
[Site "Napoli ITA"]
[Date "2010.02.25"]
[Round "7"]
[White "Sciaudone, Francesco"]
[Black "Capaldo, Salvatore"]
[Result "1-0"]
[WhiteElo "1575"]
[BlackElo "1719"]
[PlyCount "77"]
[EventDate "2010.01.14"]

1. e4 e5 2. Nf3 Nc6 3. Bc4 Bc5 4. d4 exd4 5. c3 dxc3 6. Bxf7+ Kf8 7. Bxg8 Rxg8
8. Ng5 Qe7 9. Qf3+ Ke8 10. Nxc3 Nd4 11. Qd3 c6 12. Nxh7 d6 13. Ng5 Bf5 14. O-O
Bg6 15. Be3 Ne6 16. Nxe6 Qxe6 17. Rad1 Bxe3 18. Qxe3 Rh8 19. Qd4 Kd7 20. Qxg7+
Bf7 21. Na4 Kc7 22. Rfe1 Rh6 23. e5 d5 24. Nc5 Qg6 25. Qxg6 Rxg6 26. Rd3 Rag8
27. g3 b6 28. Na6+ Kb7 29. Nb4 Rg4 30. Nc2 Bg6 31. Rd2 Bxc2 32. Rxc2 d4 33. f3
R4g7 34. f4 Rf8 35. e6 Kc7 36. Rd1 Rd8 37. f5 Rd5 38. f6 d3 39. Rxd3 1-0

[Event "V Torneo Inverno Vomero"]
[Site "Napoli ITA"]
[Date "2010.02.25"]
[Round "7"]
[White "Zinnai, Graziano Matteo"]
[Black "De Meo, Guido"]
[Result "0-1"]
[WhiteElo "1620"]
[BlackElo "1860"]
[PlyCount "94"]
[EventDate "2010.01.14"]

1. e4 c5 2. Nf3 d6 3. c3 Nf6 4. d3 Nc6 5. Be2 g6 6. O-O Bg7 7. Nbd2 O-O 8. b3
Qc7 9. Bb2 d5 10. Qc2 dxe4 11. dxe4 b6 12. Rfe1 Bb7 13. Bf1 Rfd8 14. e5 Ng4 15.
e6 f5 16. h3 Nf6 17. Rad1 Nd5 18. a3 Nf4 19. g3 Nh5 20. Bg2 Rd6 21. Nc4 Rxd1
22. Rxd1 Nd8 23. Rd7 Qc6 24. Rxe7 Bf6 25. Rd7 Qxe6 26. Rd6 Qe7 27. Qd2 Bc6 28.
Rxc6 Nxc6 29. Qd5+ Kf8 30. Qxc6 Rd8 31. Ne3 Rd6 32. Qc8+ Rd8 33. Qa6 Qe4 34.
Qe2 Qb1+ 35. Kh2 Re8 36. Ne1 f4 37. gxf4 Nxf4 38. Qf3 Be5 39. Nd5 Qxe1 40. Nxf4
Qd2 41. Kg1 Qxf4 42. Qb7 Bb8 43. Kf1 Rd8 44. Bd5 Qf5 45. c4 Qxh3+ 46. Bg2 Rd1+
47. Ke2 Qd3# 0-1

[Event "III Trofeo Giovanni Pico"]
[Site "Mirandola ITA"]
[Date "2010.01.15"]
[Round "1"]
[White "Boni, Gianni"]
[Black "Tazzioli, Luca"]
[Result "1-0"]
[WhiteElo "1830"]
[BlackElo "1503"]
[PlyCount "81"]
[EventDate "2010.01.15"]

1. b3 e5 2. Bb2 Nc6 3. e3 Bc5 4. Bb5 d6 5. Bxc6+ bxc6 6. d3 Nf6 7. Nd2 O-O 8.
Ngf3 Bg4 9. h3 Bh5 10. Qe2 a5 11. a4 Bb4 12. g4 Bg6 13. e4 Nd7 14. h4 f6 15. h5
Bf7 16. Nh4 d5 17. Nf5 Be6 18. f3 d4 19. Qh2 Bxd2+ 20. Qxd2 Re8 21. Ba3 Nb6 22.
h6 g6 23. Ng7 Re7 24. Bxe7 Qxe7 25. Nxe6 Qxe6 26. b4 axb4 27. Qxb4 Qc8 28. Qe7
Qd7 29. Qxd7 Nxd7 30. Kd2 Nc5 31. a5 Kf7 32. Rhb1 g5 33. Rb4 Ke7 34. c3 dxc3+
35. Kxc3 Kd6 36. d4 exd4+ 37. Rxd4+ Ke5 38. Rc4 Kd6 39. Rd1+ Ke5 40. Rxc5+ Kf4
41. Rf5+ 1-0

[Event "III Trofeo Giovanni Pico"]
[Site "Mirandola ITA"]
[Date "2010.01.15"]
[Round "1"]
[White "Carletti, Davide M."]
[Black "Guaragno, Michele"]
[Result "0-1"]
[WhiteElo "1515"]
[BlackElo "1978"]
[PlyCount "76"]
[EventDate "2010.01.15"]

1. e4 c5 2. Nf3 d6 3. d4 cxd4 4. Nxd4 Nf6 5. Nc3 a6 6. Be3 e5 7. Nb3 Be7 8. f3
Be6 9. Qd2 O-O 10. O-O-O Nc6 11. g4 Qc7 12. h4 Rfd8 13. Qh2 Rac8 14. Kb1 b5 15.
Rc1 d5 16. exd5 Nxd5 17. Nxd5 Bxd5 18. Be2 Be6 19. g5 Nb4 20. Bd1 a5 21. a3 Nd5
22. Qf2 a4 23. Nd2 b4 24. axb4 Nxb4 25. Ne4 Qc4 26. b3 axb3 27. cxb3 Qd3+ 28.
Bc2 Nxc2 29. Rxc2 Bxb3 30. Rhc1 Bxc2+ 31. Rxc2 Rxc2 32. Qxc2 Qxe3 33. Qg2 Rb8+
34. Kc2 Ba3 35. Nf6+ Kh8 36. Nxh7 Rb2+ 37. Kd1 Rxg2 38. g6 Qd2# 0-1

[Event "III Trofeo Giovanni Pico"]
[Site "Mirandola ITA"]
[Date "2010.01.15"]
[Round "1"]
[White "Castelli, Antonio"]
[Black "Camerini, Lorenzo"]
[Result "0-1"]
[WhiteElo "1729"]
[BlackElo "2066"]
[PlyCount "79"]
[EventDate "2010.01.15"]

1. e4 c5 2. Na3 b6 3. f4 Bb7 4. d3 g6 5. Nf3 Bg7 6. c3 d5 7. e5 a6 8. Be2 e6 9.
O-O h5 10. h4 Nh6 11. Ng5 Nf5 12. Qe1 b5 13. Nc2 Nc6 14. Ne3 Nce7 15. Bf3 Qd7
16. g3 Bc6 17. Kh2 Qb7 18. b3 a5 19. Rf2 Rd8 20. a3 Bh6 21. Bb2 Qb6 22. Rd1
Bxg5 23. fxg5 d4 24. Nxf5 Nxf5 25. cxd4 cxd4 26. Bxc6+ Qxc6 27. Rc1 Qd5 28. Qe4
O-O 29. b4 axb4 30. axb4 Qb3 31. g4 hxg4 32. Qxg4 Kg7 33. Rh1 Rh8 34. Kg1 Qxd3
35. h5 gxh5 36. Rxh5 Qb1+ 37. Rf1 Qxf1+ 38. Kxf1 Ne3+ 39. Ke2 Nxg4 40. Rxh8 0-1

[Event "III Trofeo Giovanni Pico"]
[Site "Mirandola ITA"]
[Date "2010.01.15"]
[Round "1"]
[White "Correggiari, Amedeo Luigi"]
[Black "Scali, Fausto"]
[Result "0-1"]
[WhiteElo "1494"]
[BlackElo "1965"]
[PlyCount "68"]
[EventDate "2010.01.15"]

1. d4 d5 2. Nf3 Nf6 3. e3 e6 4. Bd3 c5 5. b3 Nbd7 6. Bb2 b6 7. O-O Bb7 8. Nbd2
Bd6 9. Ne5 O-O 10. f4 Qc7 11. Ndf3 Ne4 12. Nxd7 Qxd7 13. Ne5 Qc7 14. Bxe4 dxe4
15. Qg4 f5 16. Qg3 Rad8 17. c4 Bxe5 18. fxe5 Rd7 19. Rad1 Rfd8 20. Rd2 a6 21.
Rfd1 b5 22. b4 cxd4 23. Bxd4 Qxc4 24. Qg5 Qc8 25. a3 Bd5 26. Bc5 Qb7 27. Rd4
Rc8 28. h4 Qc7 29. Qf4 Qd8 30. Kf2 h6 31. g3 a5 32. Rxd5 Rxd5 33. Rxd5 Qxd5 34.
bxa5 Rxc5 0-1

[Event "III Trofeo Giovanni Pico"]
[Site "Mirandola ITA"]
[Date "2010.01.15"]
[Round "1"]
[White "Di Trapani, Davide"]
[Black "Malago', Federico"]
[Result "0-1"]
[WhiteElo "1905"]
[BlackElo "1440"]
[PlyCount "146"]
[EventDate "2010.01.15"]

1. e4 e6 2. d4 d5 3. Nc3 Bb4 4. Nge2 dxe4 5. a3 Bxc3+ 6. Nxc3 f5 7. f3 exf3 8.
Qxf3 Nf6 9. Bf4 c6 10. Be2 O-O 11. O-O-O Nbd7 12. Rhe1 Re8 13. Qg3 Nf8 14. h4
b5 15. Bf3 Bd7 16. Bg5 a5 17. Nxb5 f4 18. Qxf4 cxb5 19. Bxa8 Qxa8 20. Bxf6 gxf6
21. Qxf6 Qd8 22. Qh6 Qe7 23. Re5 Qf7 24. Qe3 Kh8 25. Qe2 Qf4+ 26. Kb1 Qxh4 27.
Rh5 Qf6 28. g4 Bc6 29. d5 exd5 30. Qd3 Re7 31. Rdh1 d4 32. Rh6 Re1+ 33. Rxe1
Qxh6 34. Qxd4+ Qg7 35. Qd6 Bd7 36. Rf1 Kg8 37. g5 Ne6 38. Qd5 Qe7 39. Rd1 Be8
40. Re1 Bd7 41. Qa8+ Kf7 42. Qh8 Kg6 43. Rh1 Nxg5 44. Qg8+ Qg7 45. Qd5 Qf7 46.
Qd6+ Be6 47. Qc5 Qf5 48. Qa7 Qd5 49. Rg1 a4 50. Qe3 h6 51. Kc1 Bf5 52. Qe8+ Kh7
53. Qe7+ Nf7 54. Qf6 Ng5 55. Re1 Bg6 56. Rd1 Qf5 57. Qxf5 Bxf5 58. Rd5 Be4 59.
Rxb5 Kg6 60. Rb4 h5 61. Rb6+ Kg7 62. c4 h4 63. Rd6 h3 64. Rd2 Kf6 65. c5 Nf3
66. Rd1 h2 67. Rh1 Ke5 68. b4 axb3 69. Kb2 Bc2 70. a4 Kd5 71. a5 Kxc5 72. Ra1
Ng1 73. a6 Be4 0-1

[Event "III Trofeo Giovanni Pico"]
[Site "Mirandola ITA"]
[Date "2010.01.15"]
[Round "1"]
[White "Egli, Urs"]
[Black "De Simone Sorrentino, Fabio"]
[Result "1-0"]
[WhiteElo "2062"]
[BlackElo "1714"]
[PlyCount "41"]
[EventDate "2010.01.15"]

1. e4 e6 2. d3 d5 3. Nd2 Nf6 4. Ngf3 dxe4 5. dxe4 Nbd7 6. Bc4 Bd6 7. Qe2 Ne5 8.
Nxe5 Bxe5 9. Nf3 Qd6 10. O-O O-O 11. Rd1 Qc5 12. b4 Bxh2+ 13. Nxh2 Qxb4 14. Bg5
e5 15. Rab1 Qe7 16. Rb3 h6 17. Bc1 Nh7 18. Ba3 c5 19. Qe3 b6 20. Bd5 Rb8 21.
Bxc5 1-0

[Event "III Trofeo Giovanni Pico"]
[Site "Mirandola ITA"]
[Date "2010.01.15"]
[Round "1"]
[White "Fagnani, Alessandro"]
[Black "Calavalle, Giulio"]
[Result "1/2-1/2"]
[WhiteElo "1824"]
[BlackElo "2263"]
[PlyCount "91"]
[EventDate "2010.01.15"]

1. e4 c5 2. Nf3 Nc6 3. d4 cxd4 4. Nxd4 e5 5. Nb5 a6 6. Nd6+ Bxd6 7. Qxd6 Qf6 8.
Qxf6 Nxf6 9. Bd3 d5 10. Nc3 Nb4 11. O-O dxe4 12. Nxe4 Nxd3 13. Nxf6+ gxf6 14.
cxd3 Bf5 15. Rd1 Rd8 16. Bh6 Ke7 17. Rac1 Rd7 18. Rc3 Rhd8 19. Be3 Rxd3 20.
Rdxd3 Rxd3 21. Rxd3 Bxd3 22. g3 Kd6 23. Kg2 Kd5 24. Bd2 Bc4 25. a3 Ke4 26. Bb4
f5 27. Bd6 Kd5 28. Bc7 Be2 29. Bb8 f6 30. Bc7 Kc4 31. Ba5 Kd3 32. Bc3 h5 33.
Bb4 h4 34. Bc3 h3+ 35. Kxh3 Bf1+ 36. Kh4 Ke2 37. f4 e4 38. g4 Kf3 39. gxf5 Kxf4
40. Bxf6 Kxf5 41. Bg5 Ke5 42. Be3 Kd5 43. Kg3 Kc4 44. Kf2 Bh3 45. Ke2 Bg4+ 46.
Kd2 1/2-1/2

[Event "III Trofeo Giovanni Pico"]
[Site "Mirandola ITA"]
[Date "2010.01.15"]
[Round "1"]
[White "Garofalo, Sergio"]
[Black "Sciortino, Massimo"]
[Result "0-1"]
[WhiteElo "1807"]
[BlackElo "2181"]
[PlyCount "72"]
[EventDate "2010.01.15"]

1. d4 g6 2. e4 Bg7 3. c3 d6 4. Bc4 Nf6 5. Qc2 O-O 6. h3 Nc6 7. Bd3 e5 8. d5 Ne7
9. Ne2 Nd7 10. Ng3 Nc5 11. Bc4 Qe8 12. b4 Nd7 13. Bd3 c6 14. c4 cxd5 15. cxd5
Nxd5 16. exd5 e4 17. Be2 Bxa1 18. Nc3 f5 19. O-O Bxc3 20. Qxc3 f4 21. Bb2 Nf6
22. Nh1 Bf5 23. g4 fxg3 24. fxg3 Rc8 25. Qe3 Nxd5 26. Qh6 Nc3 27. Kh2 Qe5 28.
Bd1 d5 29. Bb3 Be6 30. Rxf8+ Rxf8 31. Qd2 Rf3 32. Bd1 Rd3 33. Qe1 d4 34. Be2
Re3 35. Bxc3 Rxc3 36. a4 Rc2 0-1

[Event "III Trofeo Giovanni Pico"]
[Site "Mirandola ITA"]
[Date "2010.01.15"]
[Round "1"]
[White "Grossi, Enrico"]
[Black "Gaion, Giancarlo"]
[Result "0-1"]
[WhiteElo "1466"]
[BlackElo "1935"]
[PlyCount "52"]
[EventDate "2010.01.15"]

1. d4 d5 2. e3 e6 3. Nf3 f5 4. Bd3 Nf6 5. Nbd2 Bd6 6. O-O Nbd7 7. b3 Qe7 8. Bb2
O-O 9. a4 Ne4 10. c4 c6 11. c5 Bc7 12. g3 Qf6 13. Bxe4 fxe4 14. Ne1 Qg5 15. Ng2
e5 16. b4 exd4 17. Bxd4 Ne5 18. Nf4 Bg4 19. h4 Qh6 20. f3 exf3 21. Nxf3 Nxf3+
22. Rxf3 Bxf4 23. exf4 Rae8 24. Qf1 Bxf3 25. Qxf3 Re4 26. Be5 Rxe5 0-1

[Event "III Trofeo Giovanni Pico"]
[Site "Mirandola ITA"]
[Date "2010.01.15"]
[Round "1"]
[White "Guanciale, Orazio"]
[Black "Mantovani, Enrico"]
[Result "1-0"]
[WhiteElo "2167"]
[BlackElo "1806"]
[PlyCount "91"]
[EventDate "2010.01.15"]

1. e4 c6 2. d4 d5 3. exd5 cxd5 4. Bd3 Nc6 5. c3 Nf6 6. Bf4 Bg4 7. Qb3 Qc8 8.
Nd2 e6 9. Ngf3 Be7 10. O-O O-O 11. Ne5 Nxe5 12. dxe5 Nd7 13. Qc2 g6 14. h3 Bf5
15. Bxf5 gxf5 16. Nf3 Kh8 17. Qe2 Rg8 18. Rfd1 Nb6 19. Be3 Qc4 20. Rd3 Qa6 21.
b3 Rac8 22. Qd2 Qa3 23. Rd4 Bc5 24. Bg5 Bxd4 25. Bf6+ Rg7 26. Bxg7+ Kxg7 27.
Qg5+ Kh8 28. cxd4 Qf8 29. Rc1 Rxc1+ 30. Qxc1 Qc8 31. Qc5 Kg8 32. Kh2 Qxc5 33.
dxc5 Nd7 34. b4 h6 35. Kg3 f6 36. Kf4 Kf7 37. g4 fxg4 38. hxg4 Kg6 39. exf6
Kxf6 40. Ke3 Ne5 41. Nxe5 Kxe5 42. f4+ Kf6 43. Kd4 Kf7 44. b5 Ke7 45. Ke5 Kd7
46. g5 1-0

[Event "III Trofeo Giovanni Pico"]
[Site "Mirandola ITA"]
[Date "2010.01.15"]
[Round "1"]
[White "Guzzetti, Luigi Enrico"]
[Black "Neri, Marco"]
[Result "1-0"]
[WhiteElo "1887"]
[BlackElo "1383"]
[PlyCount "101"]
[EventDate "2010.01.15"]

1. e4 e5 2. Nf3 Nc6 3. Bb5 a6 4. Ba4 b5 5. Bb3 Nf6 6. O-O Bc5 7. c3 d6 8. Re1
Bg4 9. h3 Bh5 10. d3 h6 11. Nbd2 O-O 12. Nf1 b4 13. Ng3 Qd7 14. Nxh5 Nxh5 15.
d4 Bb6 16. dxe5 bxc3 17. bxc3 Ba5 18. Re3 Nf4 19. Ba3 Rad8 20. exd6 Rfe8 21.
dxc7 Qxc7 22. Bd5 Bb6 23. Nd4 Nxd5 24. exd5 Rxe3 25. Nxc6 Rxc3 26. Nxd8 Rxa3
27. Nc6 Qg3 28. Qe2 Ra4 29. Rb1 Qc7 30. Qe8+ Kh7 31. Ne7 Qd8 32. Qxa4 Qxe7 33.
Rxb6 Qe1+ 34. Kh2 Qe5+ 35. g3 Qxd5 36. Qc2+ g6 37. Rxa6 Qb7 38. Rc6 Qe7 39. Rc7
Qe6 40. Qb3 Kg8 41. Qxe6 fxe6 42. a4 Kf8 43. a5 Ke8 44. a6 Kd8 45. Rc1 Ke7 46.
a7 Kf6 47. a8=Q Ke5 48. f4+ Kf5 49. Rc5+ e5 50. Rxe5+ Kf6 51. Qf8# 1-0

[Event "III Trofeo Giovanni Pico"]
[Site "Mirandola ITA"]
[Date "2010.01.15"]
[Round "1"]
[White "Lucchi, Lorenzo"]
[Black "Carbone, Lorenzo"]
[Result "1-0"]
[WhiteElo "2073"]
[BlackElo "1751"]
[PlyCount "53"]
[EventDate "2010.01.15"]

1. e4 c5 2. Nf3 d6 3. Nc3 Nc6 4. d4 cxd4 5. Nxd4 Bd7 6. Bc4 e6 7. O-O a6 8. Bf4
Nxd4 9. Qxd4 e5 10. Qd5 Be6 11. Qxb7 Bxc4 12. Qc6+ Ke7 13. Qxc4 f6 14. Nd5+ Kd7
15. Be3 Rb8 16. Qxa6 Ne7 17. Rfd1 Nxd5 18. Rxd5 Qc7 19. Rad1 Be7 20. Bc5 Ra8
21. Qb5+ Kc8 22. Bxd6 Bxd6 23. Rxd6 Ra5 24. Qb3 Rf8 25. Rd7 Qxd7 26. Rxd7 Kxd7
27. Qb7+ 1-0